000 00460nam a2200181Ia 4500
001 48903
008 140430s9999 xx 000 0 und d
020 _a9789675062353
040 _cPK-LaUMT
082 _a 297
_bYUS-I
100 _aYusuf al-Qaradawi Feng
245 _aIslam
_ban introduction
_cYusuf al-Qaradawi Feng
260 _aKuala Lampur,Malaysia:
_bIslamic Book Trust,
_c2010
300 _a392 p.
546 _aEN
650 _aIslam
942 _cBK
999 _c46692
_d46692